000 00440nam a2200181Ia 4500
008 090124s9999 xx 000 0 und d
082 _b19041
100 _aSHIV KUMAR
245 _aSTORIES FROM PANACHATANTRA
250 _a1
260 _bCHILDREN'S BOOK
_c1981
300 _a205
600 _aSHIV KUMAR
630 _aSTORIES FROM PANACHATANTRA
700 _aSHIV KUMAR
730 _aSTORIES FROM PANACHATANTRA
942 _cBOOK
999 _c89911
_d89911